Only Countries that defeated Spain in FIFA - Statistics

General Stats
  • This quiz has been taken 29 times
  • The average score is 8 of 14
Answer Stats
Times Defeated Country % Correct
3 Brazil
93%
1 France
93%
2 Germany
93%
2 Italy
89%
1 Netherlands
89%
1 Sweden
67%
1 Switzerland
67%
1 Yugoslavia
63%
1 Japan
59%
1 Chile
41%
1 Austria
33%
1 Czechoslovakia
30%
1 Nigeria
19%
1 Northern Ireland
15%
No matching quizzes found
Score Distribution
Percent of People with Each Score
Percentile by Number Answered
Your Score History
You have not taken this quiz